Software engineering (Record no. 241018)

MARC details
000 -LEADER
fixed length control field 00578nam a22002057a 4500
005 - DATE AND TIME OF LATEST TRANSACTION
control field 20260311154809.0
008 - FIXED-LENGTH DATA ELEMENTS--GENERAL INFORMATION
fixed length control field 260311b |||||||| |||| 00| 0 eng d
020 ## - INTERNATIONAL STANDARD BOOK NUMBER
International Standard Book Number 9789332582699
040 ## - CATALOGING SOURCE
Transcribing agency AL
041 ## - LANGUAGE CODE
Language code of text/sound track or separate title English
082 ## - DEWEY DECIMAL CLASSIFICATION NUMBER
Classification number 005.1
Item number SOMS
100 ## - MAIN ENTRY--PERSONAL NAME
Personal name Ian Sommerville
100 ## - MAIN ENTRY--PERSONAL NAME
9 (RLIN) 258549
245 ## - TITLE STATEMENT
Title Software engineering
250 ## - EDITION STATEMENT
Edition statement 10.
260 ## - PUBLICATION, DISTRIBUTION, ETC.
Place of publication, distribution, etc. Noida
Name of publisher, distributor, etc. Pearson India Education Services Pvt Ltd
Date of publication, distribution, etc. 2026
300 ## - PHYSICAL DESCRIPTION
Extent 808p.
Other physical details PB
Dimensions 24X5
365 ## - TRADE PRICE
Price type code ABDI/0854/26
Price amount ₹275.00
Currency code
Unit of pricing ₹1100.00
Price note 25%
Price effective from 19-02-2026
650 ## - SUBJECT ADDED ENTRY--TOPICAL TERM
Topical term or geographic name entry element Computer Science
9 (RLIN) 258550
942 ## - ADDED ENTRY ELEMENTS (KOHA)
Source of classification or shelving scheme Dewey Decimal Classification
Koha item type Book
Holdings
Withdrawn status Lost status Source of classification or shelving scheme Damaged status Not for loan Collection code Home library Current library Date acquired Source of acquisition Cost, normal purchase price Total Checkouts Full call number Barcode Date last seen Cost, replacement price Price effective from Koha item type
    Dewey Decimal Classification     Computer Science and Engineering St Aloysius Engineering Library St Aloysius Engineering Library 02/27/2026 Academic Book Distributors, Bengaluru-562159 275.00   005.1 SOMS SE000278 03/11/2026 1100.00 02/19/2026 Book
    Dewey Decimal Classification     Computer Science and Engineering St Aloysius Engineering Library St Aloysius Engineering Library 02/27/2026 Academic Book Distributors, Bengaluru-562159 275.00   005.1 SOMS SE000279 03/11/2026 1100.00 02/19/2026 Book